Béla Bartók şi lumea noastră aşa cum fost

Bibliographic Details
Main Author: László, Francisc (Author)
Format: Book
Language:Romanian, Moldovan
PhysicalDescription:195 s. 20 cm
Published: Cluj Dacia 1995
ISBN:9733504262
Subjects:

MARC

LEADER 00000nam a2200000 a 4500
001 vtls001218706
003 SK-MaSNL
005 20260301234034.0
008 240318s1995 RO b 0 rum
020 |a 9733504262  |c [25,00] 
035 |a SNK000162487 
040 |a SNK  |b slo  |c SNK  |e AACR2 
044 |a RO 
080 |a 929 Bartók, B.  |2 1981 
080 |a 78(439)(091) Bartók, B.  |2 1981 
100 1 |a László, Francisc  |4 aut  |9 629476 
245 1 0 |a Béla Bartók şi lumea noastră  |b aşa cum fost  |c Francisc László 
260 |a Cluj  |b Dacia  |c 1995 
300 |a 195 s.  |c 20 cm 
600 1 |a Bartók, Béla,  |d 1881-1945  |2 SNK  |9 234474 
919 |a 973-35-0426-2 
999 |c 968700  |d 970630 
952 |t P60, <04>, [BOOK], {604}  |a SNK  |b SNK  |y VYP  |7 0  |p 17A0008130  |o snkID 95860  |i snkV 1250/96  |0 0  |1 0  |4 0  |d 1996-07-31  |l 0  |r 2005-01-01 00:00:00  |w 2026-02-24